000 00424nam a2200181#a 4500
001 01436
003 HDC
007 ta
008 230623s2023 xx 000 0 eng d
020 _a1823-8386(hbk)
040 _aHDC
050 _amatrade BP184.9
_b .M35 2010
245 0 _aMalaysia exporters of halal products directory 2010-2011.
942 _2lcc
942 _cBK
942 _kmatrade BP184.9
942 _m .M35 2010
999 _c23002
_d23002